Closest Countries to Newfoundland Quiz Stats

 Plays Quiz Updated Jan 4, 2018

Challenge
Share
Tweet
Embed
Score 0/20 Timer 03:00
2 Plays Today
Distance Country % Correct
642 kmUnited States
99.3%
1,776 kmUnited Kingdom
94.9%
18 kmFrance
91.9%
1,108 kmDenmark
90.4%
2,166 kmIceland
88.7%
3,381 kmSpain
84.2%
2,974 kmIreland
82.8%
1,927 kmPortugal
81.4%
3,697 kmNorway
80.8%
3,376 kmCuba
78.2%
Distance Country % Correct
2,914 kmBahamas
70.9%
3,351 kmHaiti
69.1%
3,700 kmJamaica
67%
3,514 kmDominica
65.2%
3,285 kmDominican Republic
65.2%
3,271 kmNetherlands
64.5%
3,340 kmSaint Kitts and Nevis
56.7%
3,750 kmBarbados
51.1%
3,677 kmSaint Lucia
51.1%
3,290 kmAntigua and Barbuda
48.2%

You're not logged in!

Compare scores with friends on all Sporcle quizzes.
Join for Free
OR
Log In

You Might Also Like...

Show Comments

Extras

Top Quizzes Today


Score Distribution

Your Account Isn't Verified!

In order to create a playlist on Sporcle, you need to verify the email address you used during registration. Go to your Sporcle Settings to finish the process.

Report this User

Report this user for behavior that violates our Community Guidelines.

Details: